000 00572cab a2200205 4500
001 WB2348-03
008 090401t1987 xxu||||| |||| 00| 0 eng d
035 _a(Sirsi) u63524
041 _aeng
245 _aTree bending
260 _c1987
350 _a0
490 _aNERC Press Notice
_v24 November 1987 (1)
520 _aScientists at the Natural Environment Research Council are to investigate reasons why so many trees are killed by wind .
650 _aSTORM DAMAGE
650 _aWOODLAND
690 _aRURAL PRACTICE
942 _n0
948 _c04/03/1997
999 _c39481
_d39481